| 000 | 01390nam a2200337 ia4500 | ||
|---|---|---|---|
| 003 | OSt | ||
| 005 | 20260407114641.0 | ||
| 008 | 260407t20252025nyu brb 000 0 eng d | ||
| 020 |
_a9780241743386 _cRM 98.90 _qhardback |
||
| 040 |
_aPPAK _beng _cPPAK _erda |
||
| 082 | 0 | 4 |
_223 _a303.34 |
| 090 | 0 | 0 |
_a303.34 _bJEA _dK |
| 100 | 1 |
_aJean, Orion, _eauthor. |
|
| 245 | 1 | 0 |
_aa kids book about LEADERSHIP / _cby Orion Jean, TIME 2021 Kids of the year |
| 246 | 3 | 0 | _aLeadership |
| 250 | _aFirst American edition. | ||
| 264 | 1 |
_aNew York, NY : _bDK Publishing, _c[2025] |
|
| 264 | 4 | _c©2025 | |
| 300 |
_a1 volume (unpaged) : _bcolour illustrations ; _c26 cm |
||
| 336 |
_atext _2rdacontent |
||
| 337 |
_aunmediated _2rdamedia |
||
| 338 |
_avolume _2rdacarrier |
||
| 490 | 1 | _aa kids book about | |
| 520 | _aWritten by the ten-year-old founder of the Race to Kindness, and designed to be read together by a grownup and a child, this volume uses simple text to help kids understand that everyone can be a leader in both big and small ways via kindness, generosity, self-confidence, and teamwork. | ||
| 650 | 1 | 0 |
_aLeadership in children _vJuvenile literature |
| 650 | 2 | 0 |
_aKindness _vJuvenile literature |
| 650 | 2 | 0 |
_aGenerosity _vJuvenile literature |
| 650 | 2 | 0 |
_aSelf-confidence in children _vJuvenile literature |
| 830 | 0 | _aa kids book about | |
| 942 |
_2ddc _cB |
||
| 999 |
_c203722 _d203722 |
||